[Event "PAR-ch sf"]
[Site "Asuncion"]
[Date "2022.06.12"]
[Round "6"]
[White "Vera Gajardo, Jorge Luis"]
[Black "Mayeregger Gonzalez, Renata Valentina"]
[Result "0-1"]
[WhiteElo "1741"]
[BlackElo "1461"]
[PlyCount "100"]
[EventDate "2022.06.10"]
[EventType "swiss"]
[EventRounds "7"]
[EventCountry "PAR"]
[SourceTitle "EXT 2023"]
[Source "ChessBase"]
[SourceDate "2022.10.05"]
[SourceVersion "1"]
[SourceVersionDate "2022.10.05"]
[SourceQuality "1"]

1. d4 c5 2. d5 d6 3. c4 e6 4. e4 Nf6 5. Bd3 Nbd7 6. Nf3 exd5 7. exd5 Qe7+ 8. Be3 Ng4 9. Qd2 Nxe3 10. fxe3 Ne5 11. Nxe5 Qxe5 12. 0-0 Be7 13. Rf4 0-0 14. Nc3 f5 15. Re1 Bg5 16. Rf3 Bd7 17. Qf2 Rae8 18. e4 f4 19. h3 Qf6 20. Rf1 Bh4 21. Qd2 Qd4+ 22. Kh1 g5 23. Ne2 Qg7 24. Rg1 Qh6 25. g4 fxg3 26. Rfxg3 Bxg3 27. Rxg3 Re5 28. Ng1 Qh4 29. Qg2 Qh6 30. Nf3 Re7 31. Rxg5+ Rg7 32. Kh2 Rxg5 33. Nxg5 Qg7 34. h4 h6 35. Nf3 Bg4 36. Be2 h5 37. Ng5 Rf4 38. Ne6 Bxe6 39. Qxg7+ Kxg7 40. dxe6 Rxh4+ 41. Kg3 Rxe4 42. Bxh5 Rxe6 43. Kf2 Kf6 44. Bf3 b6 45. Be2 Ke5 46. Ke3 Rh6 47. a4 a5 48. Kd2 Kd4 49. Bf1 Rh2+ 50. Be2 Rxe2+ 0-1

[Event "PAR-ch sf"]
[Site "Asuncion"]
[Date "2022.06.11"]
[Round "3"]
[White "Da Ponte Vera, Giuseppe G"]
[Black "Vera Gajardo, Jorge Luis"]
[Result "0-1"]
[WhiteElo "1451"]
[BlackElo "1741"]
[PlyCount "71"]
[EventDate "2022.06.10"]
[EventType "swiss"]
[EventRounds "7"]
[EventCountry "PAR"]
[SourceTitle "EXT 2023"]
[Source "ChessBase"]
[SourceDate "2022.10.05"]
[SourceVersion "1"]
[SourceVersionDate "2022.10.05"]
[SourceQuality "1"]

1. e4 c5 2. Nf3 d6 3. d4 cxd4 4. Nxd4 Nf6 5. Bd3 g6 6. 0-0 Bg7 7. c3 0-0 8. Kh1 Bd7 9. f3 Nc6 10. Be3 a6 11. a4 Rc8 12. Qb3 Na5 13. Qb4 Rb8 14. Nd2 Nc6 15. Qb3 e5 16. Nc2 Be6 17. c4 Nd7 18. Nb4 Qa5 19. Nd5 Bxd5 20. cxd5 Nd4 21. Qd1 Nc5 22. Bxd4 exd4 23. Nc4 Qb4 24. Rf2 b5 25. axb5 axb5 26. Na5 Ra8 27. Nc6 Rxa1 28. Qxa1 Qb3 29. Bf1 Bh6 30. Re2 d3 31. Re1 d2 32. Rd1 Nd3 33. Bxd3 Qxd3 34. b4 Bg7 35. Qb1 Qe2 36. Qc2 0-1

[Event "PAR-ch sf"]
[Site "Asuncion"]
[Date "2020.03.08"]
[Round "6"]
[White "Vera Gajardo, Jorge Luis"]
[Black "Oviedo Acosta, Paula"]
[Result "0-1"]
[WhiteElo "1771"]
[BlackElo "1603"]
[PlyCount "128"]
[EventDate "2020.03.06"]
[EventType "swiss"]
[EventRounds "7"]
[EventCountry "PAR"]
[SourceTitle "CBM 195 Extra"]
[Source "ChessBase"]
[SourceDate "2020.05.31"]
[SourceVersion "1"]
[SourceVersionDate "2020.05.31"]
[SourceQuality "1"]

1. d4 Nf6 2. c4 c5 3. d5 e6 4. Nc3 exd5 5. cxd5 d6 6. e4 g6 7. Bd3 Bg7 8. Nge2 0-0 9. 0-0 Re8 10. h3 a6 11. a4 Nbd7 12. f4 c4 13. Bc2 Nc5 14. Ng3 Rb8 15. Be3 Nfd7 16. Bd4 b5 17. Bxg7 Kxg7 18. axb5 axb5 19. f5 Qg5 20. Kh2 Re5 21. fxg6 hxg6 22. Rf3 Nf6 23. Qf1 Bd7 24. Ra7 Ree8 25. Rf4 Ra8 26. Rxa8 Rxa8 27. Nce2 Rh8 28. Kg1 Rh4 29. Rf3 Qe5 30. Qf2 Rh8 31. Nd4 Ra8 32. Nde2 Ra1+ 33. Kh2 Ra2 34. b4 cxb3 35. Bxb3 Rb2 36. Bd1 Ncxe4 37. Qa7 Nc5 38. Qa3 b4 39. Qe3 Nfe4 40. Qf4 Qxf4 41. Rxf4 f5 42. Nxe4 Nxe4 43. Ng3 Nf2 44. Be2 Ne4 45. Nxe4 fxe4 46. Rxe4 Bf5 47. Re3 Rd2 48. Bc4 Rc2 49. Bb5 Rc5 50. Bc6 Bc2 51. Re7+ Kh6 52. Rb7 b3 53. Ba4 b2 54. Bxc2 Rxc2 55. Kg3 Kg5 56. Kf3 Kf5 57. g4+ Ke5 58. Rb5 Kd4 59. h4 Kc3 60. h5 gxh5 61. g5 h4 62. g6 h3 63. g7 h2 64. g8Q h1Q+ 0-1

[Event "PAR-ch sf"]
[Site "Asuncion"]
[Date "2019.09.07"]
[Round "2"]
[White "Alarcon, Jose"]
[Black "Vera Gajardo, Jorge Luis"]
[Result "1-0"]
[WhiteElo "2081"]
[BlackElo "1792"]
[PlyCount "97"]
[EventDate "2019.09.06"]
[EventType "swiss"]
[EventRounds "9"]
[EventCountry "PAR"]
[SourceTitle "EXT 2020"]
[Source "ChessBase"]
[SourceDate "2019.10.17"]
[SourceVersion "1"]
[SourceVersionDate "2019.10.17"]
[SourceQuality "1"]

1. Nf3 c5 2. e4 g6 3. d4 Bg7 4. Nc3 cxd4 5. Nxd4 Nc6 6. Nde2 b6 7. g3 Bb7 8. Bg2 d6 9. 0-0 Nf6 10. Nd5 0-0 11. Bg5 Nxd5 12. exd5 Nb8 13. Nd4 Qd7 14. Re1 Re8 15. c3 h6 16. Bf4 Na6 17. Qd2 Kh7 18. h4 Nc5 19. b4 Na4 20. h5 Rac8 21. Rac1 b5 22. hxg6+ fxg6 23. Qd3 Nb2 24. Qb1 Bxd4 25. cxd4 Rxc1 26. Bxc1 Nc4 27. Re6 Rg8 28. Qe4 Rg7 29. Qh4 h5 30. Qg5 Qe8 31. Be4 Kg8 32. Bxg6 Qf8 33. Qxh5 Bc8 34. Bh6 Bxe6 35. dxe6 Qf6 36. Bh7+ Kf8 37. Bf5 Nb6 38. Bxg7+ Qxg7 39. Be4 Qf6 40. Bf5 Na8 41. g4 Nc7 42. g5 Qg7 43. Kf1 Nd5 44. Qf3 Nc7 45. Bh7+ Ke8 46. Qc6+ Kf8 47. Qxc7 Qxh7 48. Qd8+ Kg7 49. Qxe7+ 1-0

[Event "Asuncion Estandar op"]
[Site "Asuncion"]
[Date "2019.01.18"]
[Round "1"]
[White "Medina, Carlos Fermin"]
[Black "Vera Gajardo, Jorge Luis"]
[Result "1-0"]
[WhiteElo "1467"]
[BlackElo "1895"]
[PlyCount "74"]
[EventDate "2019.01.18"]
[EventType "swiss"]
[EventRounds "7"]
[EventCountry "PAR"]
[SourceTitle "CBM 188 Extra"]
[Source "ChessBase"]
[SourceDate "2019.02.28"]
[SourceVersion "1"]
[SourceVersionDate "2019.02.28"]
[SourceQuality "1"]

1. c4 Nf6 2. Nc3 e6 3. g3 c6 4. Bg2 d5 5. cxd5 exd5 6. d4 Bf5 7. Nf3 Be7 8. Qb3 Qc8 9. Bg5 0-0 10. Rc1 Be6 11. Ne5 Nbd7 12. 0-0 Nb6 13. Rfd1 Qd8 14. a4 a5 15. f4 Rb8 16. g4 h6 17. Bh4 Re8 18. f5 Bc8 19. Bg3 Bd6 20. e4 Bc7 21. h3 Re7 22. Rd3 dxe4 23. Nxe4 Nbd5 24. Rf1 Nxe4 25. Bxe4 f6 26. Bxd5+ cxd5 27. Ng6 Re4 28. Bxc7 Qxc7 29. Qxd5+ Kh7 30. Qxe4 Bd7 31. Nf4 Bxa4 32. d5 Bb5 33. Rfd1 Re8 34. Ne6 Qc2 35. d6 Bxd3 36. Qxd3 Qxb2 37. d7 Qb6+ 1-0